LEADER 03628 am 2200625 n 450 001 9910279592103321 005 20180215 010 $a2-9564470-0-9 024 7 $a10.4000/books.irasec.300 035 $a(CKB)4100000004910763 035 $a(FrMaCLE)OB-irasec-300 035 $a(oapen)https://directory.doabooks.org/handle/20.500.12854/50634 035 $a(PPN)229999948 035 $a(EXLCZ)994100000004910763 100 $a20180703j|||||||| ||| 0 101 0 $aeng 135 $auu||||||m|||| 181 $ctxt$2rdacontent 182 $cc$2rdamedia 183 $acr$2rdacarrier 200 10$aInvestigating the Grey Areas of the Chinese Communities in Southeast Asia $eProceedings of the Symposium organised by IRASEC at the Hotel Sofitel Silom (Bangkok) on January 2005, 6th and 7th /$fArnaud Leveau 210 $aBangkok $cInstitut de recherche sur l?Asie du Sud-Est contemporaine$d2018 215 $a1 online resource (168 p.) 311 $a974-7709-40-6 330 $aIn most Southeast Asian countries, the members of the Chinese Diaspora have secured important position in the fields of administration, education and religion. Thanks to their capacity to work and to adapt as well as their frugality, their cultural influence continues to grow. Clans and factions form the essential structure of the ancient Chinese society. If Imperial China never developed a Civil Law, it's probably because the ancient Chinese society never really saw the need for it. This structure of relations could also explain why the Chinese civilisation didn't develop a real territorial reference. The Chinese Diaspora today covers different political and economical realities which could be conflicting. What primarily characterises the Diaspora is apparently its great capacity to organise itself in any economical, political, social or cultural environment. The capacity if its economic and administrative elites had been the determining factor of their development. However, the existence of informal and trans-national networks can also help the development of criminal activities. The presence of mafia groups and gangs of Chinese origin and their collusion with the world of finance and politics are historical facts in the region and could represent today a real threat for its stability. These criminal networks tend to forge business link with their Japanese, Russian, Korea, Italian or South American counterparts and sometimes could interfere with the process of political decision making. 606 $aOrganized crime$zSoutheast Asia$vCongresses 606 $aChinese$zSoutheast Asia$vCongresses 610 $aSoutheast Asia 610 $asecret society 610 $adrugs 610 $asex trade 610 $aorganized crime 610 $atriads 610 $atrafficking 610 $acommunities 615 0$aOrganized crime 615 0$aChinese 700 $aBaffie$b Jean$01282315 701 $aBancroft$b T. A$0128139 701 $aDhammakosol$b Ratanaporn$01322622 701 $aDialma$b Emmanuel$01282323 701 $aForest$b Alain$0636598 701 $aKong$b Chu Yiu$01322623 701 $aLeveau$b Arnaud$01235896 701 $aLe Roux$b Pierre$0465577 701 $aLubeigt$b Guy$01233733 701 $aMichael$b Peter$01322624 701 $aMigaux$b Philippe$01317169 701 $aWinarta$b Frans Hendra$01322625 701 $aLeveau$b Arnaud$01235896 801 0$bFR-FrMaCLE 906 $aBOOK 912 $a9910279592103321 996 $aInvestigating the Grey Areas of the Chinese Communities in Southeast Asia$93035134 997 $aUNINA LEADER 02992oam 22005534a 450 001 996309140703316 005 20230707203913.0 010 $a90-485-3868-8 024 7 $a10.1515/9789048538683 035 $a(CKB)3840000000350260 035 $a(MiAaPQ)EBC5219273 035 $a(DE-B1597)502501 035 $a(OCoLC)1058961176 035 $a(DE-B1597)9789048538683 035 $a(OCoLC)1112364898 035 $a(MdBmJHUP)muse76573 035 $a(ScCtBLL)2d388d21-972c-47d5-aa73-883034c38ebd 035 $a(PPN)267858469 035 $a(EXLCZ)993840000000350260 100 $a20190816e20192017 uy 0 101 0 $aeng 135 $aurcnu|||||||| 181 $2rdacontent 182 $2rdamedia 183 $2rdacarrier 200 10$aAccelerators in Silicon Valley$fPeter Ester 210 1$aBaltimore, Maryland :$cProject Muse,$d2019 210 4$d©2019 215 $a1 online resource (176 pages) 320 $aIncludes bibliographical references. 327 $aSilicon Valley -- Innovation and startups in Silicon Valley -- Unique selling points -- Strong teams will win -- Working on a dream -- Accelerator darlings, challenges, and future plans -- What can Europe learn from Silicon Valley accelerators? 330 $aSilicon Valley is the world's most successful innovation region. Apple, Google, Facebook, Instagram, Twitter, WhatsApp, Uber, and Airbnb changed our way of living. Silicon Valley has built a brilliant ecosystem that supports startups. Its entrepreneurial mindset fosters risk-taking, thinking big, and sharing. A fast growing number of accelerators in Silicon Valley help startups by bringing their product to the market, refining their business idea, developing their product, strengthening their team, designing a marketing strategy, getting first customers and traction, raising funds, and coping with the hardships of startup life. In Accelerators in Silicon Valley Peter Ester describes how these 'schools of startup entrepreneurship' operate and empower startups. What can we learn from how Silicon Valley accelerators help startups to become successful companies? This book gives the answer. Accelerators in Silicon Valley is a book for those who share a fascination for building the new startup economy. 606 $aHigh technology industries$zCalifornia$zSanta Clara County 606 $aBusiness incubators$zCalifornia$zSanta Clara County 606 $aEntrepreneurship$zCalifornia$zSanta Clara County 606 $aNew business enterprises$xPlanning 610 $aSilicon Valley, accelerators, startups, entrepreneurship, innovation. 615 0$aHigh technology industries 615 0$aBusiness incubators 615 0$aEntrepreneurship 615 0$aNew business enterprises$xPlanning. 676 $a330 700 $aEster$b P.$0975430 801 0$bMdBmJHUP 801 1$bMdBmJHUP 906 $aBOOK 912 $a996309140703316 996 $aAccelerators in Silicon Valley$92440096 997 $aUNISA